<?xml version="1.0" encoding="UTF-8"?>
<record
    xmlns:xsi="http://www.w3.org/2001/XMLSchema-instance"
    xsi:schemaLocation="http://www.loc.gov/MARC21/slim http://www.loc.gov/standards/marcxml/schema/MARC21slim.xsd"
    xmlns="http://www.loc.gov/MARC21/slim">

  <leader>01110nam2a22002171  4500</leader>
  <controlfield tag="001">rc\766700</controlfield>
  <controlfield tag="005">20250622134957.0</controlfield>
  <datafield tag="035" ind1=" " ind2=" ">
    <subfield code="a">(NLR Aleph) 006323306</subfield>
  </datafield>
  <datafield tag="090" ind1=" " ind2=" ">
    <subfield code="a">7471456</subfield>
    <subfield code="c">7471456</subfield>
  </datafield>
  <datafield tag="100" ind1=" " ind2=" ">
    <subfield code="a">20040301d1985    |||y0rusy50      ca</subfield>
  </datafield>
  <datafield tag="101" ind1="0" ind2=" ">
    <subfield code="a">rus</subfield>
  </datafield>
  <datafield tag="102" ind1=" " ind2=" ">
    <subfield code="a">RU</subfield>
  </datafield>
  <datafield tag="105" ind1=" " ind2=" ">
    <subfield code="a">y   |||||||||</subfield>
  </datafield>
  <datafield tag="200" ind1="0" ind2=" ">
    <subfield code="a">&#x427;. 1</subfield>
  </datafield>
  <datafield tag="215" ind1=" " ind2=" ">
    <subfield code="a">191 &#x441;.</subfield>
  </datafield>
  <datafield tag="461" ind1=" " ind2="0">
    <subfield code="1">001rc\766699</subfield>
    <subfield code="1">2001#$a&#x424;&#x438;&#x437;&#x438;&#x43E;&#x43B;&#x43E;&#x433;&#x438;&#x44F; &#x438; &#x431;&#x438;&#x43E;&#x445;&#x438;&#x43C;&#x438;&#x44F; &#x43C;&#x435;&#x434;&#x438;&#x430;&#x442;&#x43E;&#x440;&#x43D;&#x44B;&#x445; &#x43F;&#x440;&#x43E;&#x446;&#x435;&#x441;&#x441;&#x43E;&#x432;$e&#x422;&#x435;&#x437;. &#x434;&#x43E;&#x43A;&#x43B;. IV &#x432;&#x441;&#x435;&#x441;&#x43E;&#x44E;&#x437;. &#x43A;&#x43E;&#x43D;&#x444;., &#x43F;&#x43E;&#x441;&#x432;&#x44F;&#x449;. 85-&#x43B;&#x435;&#x442;&#x438;&#x44E; &#x441;&#x43E; &#x434;&#x43D;&#x44F; &#x440;&#x43E;&#x436;&#x434;&#x435;&#x43D;&#x438;&#x44F; &#x447;&#x43B;.-&#x43A;&#x43E;&#x440;. &#x410;&#x41D; &#x421;&#x421;&#x421;&#x420; &#x425;.&#x421;. &#x41A;&#x43E;&#x448;&#x442;&#x43E;&#x44F;&#x43D;&#x446;&#x430;, &#x41C;&#x43E;&#x441;&#x43A;&#x432;&#x430;, &#x43E;&#x43A;&#x442;. 1985 &#x433;.$e[&#x412; 2 &#x447;.]$v&#x427;. 1</subfield>
    <subfield code="9">7471451</subfield>
    <subfield code="c">&#x41C;.</subfield>
    <subfield code="d">1985</subfield>
    <subfield code="n">&#x418;&#x411;&#x420;</subfield>
    <subfield code="o">&#x422;&#x435;&#x437;. &#x434;&#x43E;&#x43A;&#x43B;. IV &#x432;&#x441;&#x435;&#x441;&#x43E;&#x44E;&#x437;. &#x43A;&#x43E;&#x43D;&#x444;., &#x43F;&#x43E;&#x441;&#x432;&#x44F;&#x449;. 85-&#x43B;&#x435;&#x442;&#x438;&#x44E; &#x441;&#x43E; &#x434;&#x43D;&#x44F; &#x440;&#x43E;&#x436;&#x434;&#x435;&#x43D;&#x438;&#x44F; &#x447;&#x43B;.-&#x43A;&#x43E;&#x440;. &#x410;&#x41D; &#x421;&#x421;&#x421;&#x420; &#x425;.&#x421;. &#x41A;&#x43E;&#x448;&#x442;&#x43E;&#x44F;&#x43D;&#x446;&#x430;, &#x41C;&#x43E;&#x441;&#x43A;&#x432;&#x430;, &#x43E;&#x43A;&#x442;. 1985 &#x433;. : [&#x412; 2 &#x447;.]</subfield>
    <subfield code="t">&#x424;&#x438;&#x437;&#x438;&#x43E;&#x43B;&#x43E;&#x433;&#x438;&#x44F; &#x438; &#x431;&#x438;&#x43E;&#x445;&#x438;&#x43C;&#x438;&#x44F; &#x43C;&#x435;&#x434;&#x438;&#x430;&#x442;&#x43E;&#x440;&#x43D;&#x44B;&#x445; &#x43F;&#x440;&#x43E;&#x446;&#x435;&#x441;&#x441;&#x43E;&#x432;</subfield>
    <subfield code="v">&#x427;. 1</subfield>
  </datafield>
  <datafield tag="801" ind1=" " ind2="0">
    <subfield code="a">RU</subfield>
    <subfield code="b">NLR</subfield>
    <subfield code="g">psbo</subfield>
  </datafield>
  <datafield tag="801" ind1=" " ind2="1">
    <subfield code="a">RU</subfield>
    <subfield code="b">ELAR</subfield>
    <subfield code="2">rusmarc</subfield>
  </datafield>
  <datafield tag="852" ind1=" " ind2=" ">
    <subfield code="a">NLR</subfield>
    <subfield code="j">85-3/14257</subfield>
  </datafield>
  <datafield tag="942" ind1=" " ind2=" ">
    <subfield code="c">BOOK</subfield>
  </datafield>
  <datafield tag="980" ind1=" " ind2=" ">
    <subfield code="a">NB</subfield>
  </datafield>
  <datafield tag="995" ind1=" " ind2=" ">
    <subfield code="5">2013-10-26</subfield>
    <subfield code="b">NLR01</subfield>
    <subfield code="c">NLR01</subfield>
    <subfield code="e">RF9</subfield>
    <subfield code="f">6323306-10</subfield>
    <subfield code="k">85-3/14257</subfield>
    <subfield code="o">0</subfield>
    <subfield code="r">BOOK</subfield>
    <subfield code="s">85314257_</subfield>
  </datafield>
</record>
